000 00684nam a2200193 4500
999 _c170498
_d170498
005 20191216173920.0
010 _aENG-127163
020 _a9788178241548
_c695.00
035 _aEN-110695
037 _bDBAD/PUB
082 _a305.891
100 _aFisher, Michael H.
245 _aCounterflows to colonialism :
_cby Michael H. Fisher
_bIndian travellers and settlers in Britain 1600-1857 /
260 _aRanikhet
_bPermanent Black
_c2019
270 _aHimalayana, Mall Road, Ranikhet Cantt
_bRanikhet
_e263645
_mperblack@gmail.com
300 _axv;487p .
_c21cm(pbk)
500 _aIncludes bibliographical references and index
942 _2ddc
_cEN
_h305.891
_mCOU